000 00830nam a22002417a 4500
001 25779
003 UA-OsUOA
005 20210906090507.0
007 ta
008 20040427b un ||||| |||| 00| 0 ukr d
040 _aUA-OsUOA
_bukr
_cUA-OsUOA
_dUA-OsUOA
041 _aukr
044 _aUA
080 _a352(094)
090 _a352(094)
_bП42
245 _aПовноваження місцевого самоврядування
_bзбірник нормативних актів
_pРегулювання житлово-комунальних відносин
_nВип. 1
260 _aКиїв
_c1999
300 _a167 с.
650 7 _2UDC
_a35 Державне адміністративне управління
942 _cBK
_2udc
955 _a2
999 _c312079
_d312079